History Quiz

Random History or Famous Quiz
Score 0/20 Timer 06:00
3 Plays Today
% Correct
Crowd watching MLK's 'I Have a Dream' Speech: 1963
91.2%
US troops landing at Normandy: 1944
91.1%
Nixon at Great Wall of China: 1972
85.6%
Ranger Tex Worly at Grand Canyon: 1936
83.2%
Immigrants view Statue of Liberty: 1910
79.6%
Tourists atop Great Pyramid: ~1920s
78.7%
RFK at Berlin Wall: 1962
77.9%
Mission Control celebrates Apollo 13 splashdown: 1970
77.7%
Soldier guarding the wreck of the Hindenburg: 1937
77.5%
Onlookers at Kennedy assassination: 1963
77.3%
% Correct
Observers at Stonehenge: ~1875
76.8%
President Bush viewing World Trade Center after 9/11: 2001
76.8%
Pope Francis at Sistine Chapel: 2014
71.6%
Electrical workers change lights on the Eiffel Tower: 1937
68.4%
Spectators cross ice bridge at Niagara Falls: ~1909
67%
Crowd watches Gettysburg Address: 1863
66.4%
Astronaut taking photo of the Earth from ISS: (Date unknown)
65.2%
San Francisco earthquake and fire: 1906
57.8%
Bruce Ismay and Lord Pirrie inspecting the Titanic: 1912
55.8%
Workers at Chernobyl nuclear plant: 1986
52.7%
Remove Ads.
Support Sporcle.
Get the best of Sporcle when you Go Orange. This ad-free experience offers more features, more stats, and more fun while also helping to support Sporcle. Thank you for becoming a member.

You're not logged in!

Compare scores with friends on all Sporcle quizzes.
OR
Log In

Show Comments

Extras

Top Quizzes Today


Score Distribution

Your Account Isn't Verified!

In order to create a playlist on Sporcle, you need to verify the email address you used during registration. Go to your Sporcle Settings to finish the process.

Report this User

Report this user for behavior that violates our Community Guidelines.

Details: